Statistics for Greece Soccer Championship Top 4 Positions

Click here to take the quiz!

General Stats

  • This quiz has been taken 144 times
  • The average score is 10 of 19

Answer Stats

Answer% Correct
Olympiacos
98%
AEK Athens
97%
Panathinaikos
97%
PAOK
90%
Aris Thessaloniki
81%
OFI Crete
62%
Larissa
55%
Asteras Tripoli
54%
Atromitos
54%
Atromitos Piraeus
54%
Iraklis
44%
Panionios
44%
Skoda Xanthi
37%
Apollon Athens
33%
Ethnikos Piraeus
26%
Panachaiki
25%
Fillipoi Kavala
12%
Proodeftiki
12%
Apollon Kalamarias
10%

Score Distribution

Percentile by Number Answered

Percent of People with Each Score

Your Score History

You have not taken this quiz